00644 2200241 4500001002100000005001700021008004100038020001800079035002400097082001300121090001800134245006500152250001100217260004100228300001900269650002200288700002900310850001500339980001500354985000600369986001200375999001500387YOGYA-0209000000392120090227020652.0 ind  a979-416-386-4 0010-020900000003921 a621.3841 a621.3841bMed aMEDIA komunikasi radiocpenyunting, Moeryanto Ginting Munthe aCet. 1 aJakartabPustaka Sinar harapanc1996 a145 hlmc19 cm aRadio - Penyiaran aMunthe, Muryanto Ginting aYOPDYOG(B) a03-27-2006 a1 aMrrtrev a98B0028478